Trh práce v krajinách Európskej únie
Praktické rady v prípade zamestnania v zahraničí. Pracovné prostredie krajín: SRN, Rakúsko, Veľká Británia, Írsko a Francúzsko. Povolenie na pobyt, pracovné podmienky, sociálne zabezpečenie a zdravotné poistenie. Dôležité kontaktné telefónne čísla a webové adresy.
Gespeichert in:
| 1. Verfasser: | |
|---|---|
| Format: | Buchkapitel |
| Sprache: | Slowakisch |
| Schlagworte: | |
| Tags: |
Keine Tags, Fügen Sie das erste Tag hinzu!
|
MARC
| LEADER | 00000naa$a2200000$$$4500 | ||
|---|---|---|---|
| 001 | 0054401 | ||
| 005 | 20231109091542.3 | ||
| 041 | 0 | |a slo | |
| 044 | |a SK | ||
| 245 | 1 | 0 | |a Trh práce v krajinách Európskej únie |c Denisa Hudáková [ et al. ] |
| 520 | |a Praktické rady v prípade zamestnania v zahraničí. Pracovné prostredie krajín: SRN, Rakúsko, Veľká Británia, Írsko a Francúzsko. Povolenie na pobyt, pracovné podmienky, sociálne zabezpečenie a zdravotné poistenie. Dôležité kontaktné telefónne čísla a webové adresy. | ||
| 610 | 2 | 0 | |a trh práce |
| 610 | 2 | 0 | |a zamestnanie |
| 610 | 2 | 0 | |a podmienky pracovné |
| 610 | 2 | 0 | |a poistenie sociálne |
| 610 | 2 | 0 | |a poistenie zdravotné |
| 610 | 2 | 0 | |a práca v zahraničí |
| 610 | 2 | 0 | |a Európska únia |
| 100 | 1 | |a Hudáková, Denisa | |